[Event "Bogota El Tablazo op-A"]
[Site "Bogota"]
[Date "2022.06.27"]
[Round "9"]
[White "Ballesteros Diaz, Jefree Daniel"]
[Black "Marin, Schmidt"]
[Result "1-0"]
[WhiteElo "1686"]
[BlackElo "1952"]
[PlyCount "40"]
[EventDate "2022.06.23"]
[EventType "swiss"]
[EventRounds "10"]
[EventCountry "COL"]
[SourceTitle "EXT 2023"]
[Source "ChessBase"]
[SourceDate "2022.10.05"]
[SourceVersion "1"]
[SourceVersionDate "2022.10.05"]
[SourceQuality "1"]

1. d4 d5 2. Nf3 g6 3. Bg5 Bg7 4. e3 Nf6 5. Nbd2 c6 6. c3 a5 7. Bd3 b6 8. 0-0 Nbd7 9. e4 dxe4 10. Nxe4 Bb7 11. Re1 0-0 12. Qe2 Re8 13. Rad1 Nxe4 14. Qxe4 Nf6 15. Qh4 a4 16. Bh6 Ra5 17. Ne5 Nd7 18. Bxg7 Kxg7 19. Nxf7 Nf6 20. Ra1 Kg8 1-0

[Event "Bogota El Tablazo op-A"]
[Site "Bogota"]
[Date "2022.06.24"]
[Round "4"]
[White "Ballesteros Diaz, Jefree Daniel"]
[Black "Mora Moron, Jose Ramon"]
[Result "1-0"]
[WhiteElo "1686"]
[BlackElo "2161"]
[PlyCount "67"]
[EventDate "2022.06.23"]
[EventType "swiss"]
[EventRounds "10"]
[EventCountry "COL"]
[SourceTitle "EXT 2023"]
[Source "ChessBase"]
[SourceDate "2022.10.05"]
[SourceVersion "1"]
[SourceVersionDate "2022.10.05"]
[SourceQuality "1"]

1. d4 Nf6 2. Nf3 e6 3. e3 c5 4. Bd3 d5 5. b3 Nc6 6. Bb2 Bd6 7. 0-0 b6 8. a3 Bb7 9. Nbd2 0-0 10. Ne5 Ne7 11. Qf3 Rc8 12. Qh3 Ng6 13. Rad1 cxd4 14. Nxg6 hxg6 15. exd4 b5 16. Rfe1 Nh5 17. g3 Qe7 18. Nf3 Rc7 19. Ne5 Bc8 20. Bc1 Bxa3 21. Nxg6 fxg6 22. Bxa3 Qxa3 23. Bxg6 Nf6 24. Re5 Rd8 25. g4 Kf8 26. g5 Ke7 27. gxf6+ gxf6 28. Rh5 Kd6 29. Rh8 Rcd7 30. Qg3+ Kc6 31. Be8 Kb7 32. Bxd7 Rxh8 33. Bxe6 Qf8 34. Bxd5+ 1-0

[Event "COL Subzt 2.3.4"]
[Site "Risarald"]
[Date "2021.11.24"]
[Round "2"]
[White "Manrique Bermudez, Josue"]
[Black "Ballesteros Diaz, Jefree Daniel"]
[Result "1/2-1/2"]
[WhiteElo "1352"]
[BlackElo "1685"]
[PlyCount "45"]
[EventDate "2021.11.23"]
[EventType "swiss"]
[EventRounds "9"]
[EventCountry "COL"]
[SourceTitle "CBM 205 Extra"]
[Source "ChessBase"]
[SourceDate "2022.01.31"]
[SourceVersion "1"]
[SourceVersionDate "2022.01.31"]
[SourceQuality "1"]

1. d4 Nf6 2. c4 e6 3. Nc3 d5 4. cxd5 exd5 5. Bf4 Bd6 6. Bxd6 Qxd6 7. e3 0-0 8. Bd3 c6 9. Rc1 Re8 10. h3 Nbd7 11. Nf3 Nf8 12. Ne5 Ng6 13. f4 Nd7 14. 0-0 Qe7 15. Qf3 Qh4 16. e4 dxe4 17. Nxe4 Ndxe5 18. fxe5 Be6 19. Nd6 Qxd4+ 20. Kh1 Nxe5 21. Bxh7+ Kf8 22. Qa3 Re7 23. Bf5 1/2-1/2

[Event "Bogota El Tablazo Blitz op"]
[Site "Bogota"]
[Date "2021.11.07"]
[Round "1"]
[White "Ballesteros Diaz, Jefree Daniel"]
[Black "Sanchez, Sebastian Felipe"]
[Result "0-1"]
[WhiteElo "1623"]
[BlackElo "2438"]
[PlyCount "52"]
[EventDate "2021.11.07"]
[EventType "swiss"]
[EventRounds "14"]
[EventCountry "COL"]
[SourceTitle "CBM 205 Extra"]
[Source "ChessBase"]
[SourceDate "2022.01.31"]
[SourceVersion "1"]
[SourceVersionDate "2022.01.31"]
[SourceQuality "1"]

1. d4 Nf6 2. Nf3 d5 3. e3 e6 4. Bd3 b6 5. b3 Bb7 6. Bb2 Bd6 7. 0-0 0-0 8. Nbd2 c5 9. Ne5 Nc6 10. a3 Rc8 11. f4 Ne7 12. Qf3 Rc7 13. Qh3 Ne4 14. Nxe4 dxe4 15. Bc4 cxd4 16. Bxd4 b5 17. Bxe6 fxe6 18. Qxe6+ Kh8 19. Nf7+ Rxf7 20. Qxf7 Qg8 21. Qh5 Rxc2 22. f5 Nc6 23. f6 Nxd4 24. fxg7+ Qxg7 25. Qe8+ Qg8 26. Qh5 Qxg2# 0-1

[Event "COL-ch Amateurs U1700"]
[Site "Bogota"]
[Date "2021.06.24"]
[Round "2"]
[White "Ballesteros Diaz, Jefree Daniel"]
[Black "Borre Meza, Orlando David"]
[Result "0-1"]
[WhiteElo "1670"]
[BlackElo "1285"]
[PlyCount "98"]
[EventDate "2021.06.23"]
[EventType "swiss"]
[EventRounds "7"]
[EventCountry "COL"]
[SourceTitle "CBM 203 Extra"]
[Source "ChessBase"]
[SourceDate "2021.09.30"]
[SourceVersion "1"]
[SourceVersionDate "2021.09.30"]
[SourceQuality "1"]

1. Nf3 Nf6 2. b3 d5 3. d4 e6 4. e3 Be7 5. Bd3 0-0 6. Nbd2 Nbd7 7. 0-0 b6 8. Bb2 c5 9. Ne5 Bb7 10. Qf3 Qc7 11. Qh3 h6 12. Rad1 Bd6 13. f4 Ne4 14. Nxd7 Qxd7 15. Bxe4 dxe4 16. dxc5 Bxc5 17. Nxe4 Qe7 18. Nxc5 Qxc5 19. Qg3 f6 20. Rd7 Rf7 21. Rfd1 Qc6 22. R7d2 Kh7 23. Qg4 Qe4 24. Rd3 Rc8 25. c4 b5 26. Qe2 bxc4 27. Rd4 Qg6 28. Rxc4 Ba6 29. Rdc1 Bxc4 30. bxc4 Rfc7 31. e4 f5 32. exf5 Qxf5 33. Be5 Rc6 34. g4 Qg6 35. h4 h5 36. g5 Qf7 37. Qf3 g6 38. Rb1 Rb6 39. Rd1 Rb7 40. c5 Rd7 41. Bd6 Qf5 42. Re1 Kg8 43. Qe2 Kf7 44. Qf3 Rxc5 45. Be5 Rc2 46. Bf6 Rxa2 47. Rc1 Rad2 48. Ra1 R2d3 49. Qf1 Qg4+ 0-1

[Event "COL-ch Amateur U2000"]
[Site "Paipa"]
[Date "2020.03.01"]
[Round "9"]
[White "Penas Burgos, Nestor"]
[Black "Ballesteros Diaz, Jefree Daniel"]
[Result "1/2-1/2"]
[WhiteElo "1675"]
[BlackElo "1718"]
[PlyCount "140"]
[EventDate "2020.02.26"]
[EventType "swiss"]
[EventRounds "9"]
[EventCountry "COL"]
[SourceTitle "CBM 195 Extra"]
[Source "ChessBase"]
[SourceDate "2020.05.31"]
[SourceVersion "1"]
[SourceVersionDate "2020.05.31"]
[SourceQuality "1"]

1. e4 c5 2. Nf3 d6 3. Bb5+ Nc6 4. c3 Bd7 5. a4 a6 6. Bc4 Nf6 7. d3 e6 8. Bg5 Be7 9. h3 Qc7 10. Nbd2 h6 11. Bf4 Rc8 12. 0-0 0-0 13. Re1 Nh7 14. Nf1 Rce8 15. Ne3 Bc8 16. Rc1 Qd7 17. Qd2 Bd8 18. Ng4 Kh8 19. Ba2 b6 20. Bb1 Qe7 21. d4 e5 22. dxe5 dxe5 23. Be3 Qe6 24. Qd5 Bc7 25. Ba2 Nf6 26. Nxf6 Qxf6 27. Qd1 Rd8 28. Qe2 Rd6 29. Bd5 Ne7 30. c4 Nxd5 31. cxd5 Bd8 32. a5 Qg6 33. Kh2 Qxe4 34. axb6 Rxd5 35. Bxc5 Qxe2 36. Rxe2 Re8 37. b4 Bb7 38. Nd2 Re6 39. Ne4 Bxb6 40. Rce1 Bc7 41. g3 f5 42. Nc3 Rd3 43. Rc2 g5 44. Re3 Rxe3 45. fxe3 f4 46. e4 Bb6 47. Kg2 Kg7 48. g4 Rc6 49. Nd5 Bd8 50. Kf3 Rc8 51. Rd2 Bc6 52. Nc3 Bc7 53. Bd6 Kf7 54. Bxc7 Rxc7 55. Rd6 Bb7 56. Nd5 Bxd5 57. exd5 Rc4 58. Rxh6 e4+ 59. Ke2 Rxb4 60. Rxa6 Rb2+ 61. Ke1 e3 62. Re6 Rh2 63. Re5 Rxh3 64. d6 Rh8 65. Rxg5 Ke6 66. Rf5 Kxd6 67. Rxf4 Ke5 68. Ra4 Rh2 69. Kf1 Kf6 70. Re4 Kg5 1/2-1/2

[Event "COL-ch Amateur U2000"]
[Site "Paipa"]
[Date "2020.02.28"]
[Round "4"]
[White "Ballesteros Diaz, Jefree Daniel"]
[Black "Celis Vargas, Walter Enrique"]
[Result "1/2-1/2"]
[WhiteElo "1718"]
[BlackElo "1672"]
[PlyCount "82"]
[EventDate "2020.02.26"]
[EventType "swiss"]
[EventRounds "9"]
[EventCountry "COL"]
[SourceTitle "CBM 195 Extra"]
[Source "ChessBase"]
[SourceDate "2020.05.31"]
[SourceVersion "1"]
[SourceVersionDate "2020.05.31"]
[SourceQuality "1"]

1. Nf3 Nf6 2. c4 c5 3. Nc3 d5 4. cxd5 Nxd5 5. e4 Nxc3 6. bxc3 Nc6 7. Bc4 e6 8. 0-0 Be7 9. d4 cxd4 10. cxd4 0-0 11. Be3 Na5 12. Bd3 Bd7 13. Qd2 Ba4 14. Ne5 Rc8 15. Rfc1 Nc6 16. Nxc6 Bxc6 17. f4 f5 18. d5 exd5 19. exf5 a6 20. Qe2 Bf6 21. Rab1 Re8 22. Qf2 Kh8 23. Bb6 Qd7 24. g4 h6 25. h4 Bb5 26. Rxc8 Rxc8 27. Bxb5 axb5 28. Rd1 Qc6 29. g5 hxg5 30. hxg5 Be7 31. Bd4 Bc5 32. Kg2 Bxd4 33. Qxd4 Qc2+ 34. Kg3 Rc3+ 35. Kg4 Qg2+ 36. Kh5 Rc6 37. Kh4 Rc4 38. Qe5 Qh2+ 39. Kg4 Qg2+ 40. Kh4 Qh2+ 41. Kg4 Qg2+ 1/2-1/2

[Event "Bogota Navidad op"]
[Site "Bogota"]
[Date "2019.12.08"]
[Round "6"]
[White "Ballesteros Diaz, Jefree Daniel"]
[Black "Nino Gudino, Elmer"]
[Result "0-1"]
[WhiteElo "1611"]
[BlackElo "1830"]
[PlyCount "30"]
[EventDate "2019.12.05"]
[EventType "swiss"]
[EventRounds "7"]
[EventCountry "COL"]
[SourceTitle "CBM 193 Extra"]
[Source "ChessBase"]
[SourceDate "2020.01.31"]
[SourceVersion "1"]
[SourceVersionDate "2020.01.31"]
[SourceQuality "1"]

1. e4 c5 2. Nf3 d6 3. Bb5+ Bd7 4. Bxd7+ Qxd7 5. b3 Nf6 6. d3 g6 7. Bb2 Bg7 8. Nc3 0-0 9. Qd2 b5 10. 0-0 Ne8 11. Rad1 a5 12. Bc1 Qb7 13. Nh4 b4 14. Ne2 a4 15. f4 Nc6 0-1